| 000 | 00364 a2200169 4500 | ||
|---|---|---|---|
| 001 | 191655 | ||
| 020 | _a978-85-02-08213-7 | ||
| 040 | _cMagnum | ||
| 100 | _aAlbergaria, Lino de | ||
| 240 | 1 | 0 |
_aLia e o sétimo ano _lpor |
| 245 | 1 | 0 | _aLia e o sétimo ano |
| 300 | _a95 | ||
| 362 | 0 | _a2009 | |
| 440 | 1 | _aSaraiva | |
| 697 | _aLITERATURA JUVENIL | ||
| 942 | _cBK | ||
| 999 |
_c191655 _d191655 |
||